| 000 | 01248nam a2200337 i 4500 | ||
|---|---|---|---|
| 001 | 000022602 | ||
| 003 | DO-SdBNP | ||
| 005 | 20240418073801.0 | ||
| 007 | ta | ||
| 008 | 101014s1999 dr 001 0 spa d | ||
| 020 | _a9993428000 | ||
| 040 |
_aDO-SdBNP _bspa _cBNPHU _erda |
||
| 049 | _aBNPD | ||
| 082 | 4 |
_aR 015.7293 _bC697b _222 |
|
| 100 | 1 |
_aCollado, Miguel A., _d1954- _eautor _924696 |
|
| 245 | 1 | 0 |
_aBibliografía comentada sobre comunidades de República Dominicana 1900-1998 / _cMiguel Collado ; prólogo, Daniel Beltré López. |
| 264 |
_aSanto Domingo : _bComisión Presidencial de Apoyo al Desarrollo Provincial, _c1999. |
||
| 300 |
_a425 páginas ; _c24 p. |
||
| 336 |
_2rdacontent _atexto _bn |
||
| 337 |
_2rdamedia _asin mediación _bn |
||
| 338 |
_2rdacarrier _avolumen _bnc |
||
| 490 |
_aProvincias _v3 |
||
| 500 | _aIncluye datos biográficos del autor en la solapa de la cubierta | ||
| 500 | _aIncluye índice de autores | ||
| 590 | _aInventariado, 2023/BT | ||
| 650 | 4 |
_aCiudades y pueblos _xBibliografías _y1900-1998 _946516 |
|
| 651 | 4 |
_aRepública Dominicana _xBibliografías _y1900-1998 _946517 |
|
| 700 | 1 |
_aBeltré López, Daniel, _eprólogo _913896 |
|
| 910 | _aValidado. Control de calidad MFF | ||
| 942 |
_2ddc _cLBS1 |
||
| 999 |
_c22099 _d22099 |
||